| 000 | 00499nam a2200193Ia 4500 | ||
|---|---|---|---|
| 003 | OSt | ||
| 005 | 20260603122156.0 | ||
| 008 | 210210b2000 xxu||||| |||| 00| 0 eng d | ||
| 040 | _cAL | ||
| 041 | _aEnglish | ||
| 082 | _a510 BOSS | ||
| 100 |
_aBOSCO (S S). _9265140 |
||
| 245 | _aSupplement to I PUC text book: theory and problems in mathematics. | ||
| 260 |
_aMangalore _bT. Egithin Bosco _c2000 |
||
| 300 | _a451-588 | ||
| 690 |
_aMathematics _9265141 |
||
| 906 | _a053037 | ||
| 942 |
_2ddc _cBK |
||
| 999 |
_c101020 _d101020 |
||